Random Filipino to English Words #3 - Statistics

General Stats
  • This quiz has been taken 49 times
  • The average score is 12 of 15
Answer Stats
Filipino English % Correct
Aso Dog
100%
Saging Banana
98%
Asin Salt
98%
Pinto Door
95%
Masaya Happy
95%
Mahaba Long
95%
Maliit Small
95%
Lutuin Cook
93%
Estatwa Statue
88%
Kahel Orange
86%
Buhangin Sand
86%
Paliligo Shower
70%
Mabuhay Welcome
65%
Maaari Can
49%
Pudpod Fudge
0%
No matching quizzes found
Score Distribution
Percent of People with Each Score
Percentile by Number Answered
Your Score History
You have not taken this quiz